| 000 | 00613nam a22002057a 4500 | ||
|---|---|---|---|
| 999 |
_c18141 _d18141 |
||
| 003 | AR-CdUCM | ||
| 008 | 190513b ||||| |||| 00| 0 spa d | ||
| 040 |
_aMUNICIPALIDAD PROVINCIAL DEL CUSCO _cBIBLIOTECA MUNICIPAL DEL CUSCO |
||
| 082 |
_a868.6 / _bUN53 |
||
| 100 |
_aUnamuno, Miguel de _9458 |
||
| 245 | _aLa tia tula / | ||
| 260 |
_aEspaƱa : _bSalvat editores, _bAlianza editorial, _c1970. |
||
| 300 |
_a185 paginas ; _c20 cm. |
||
| 500 | _aObra literaria | ||
| 650 |
_aLiteratura _983 |
||
| 650 |
_aHistoria _9136 |
||
| 700 |
_aMarias, Julian _912094 |
||
| 942 |
_2ddc _cLIBROS |
||
| 945 |
_apjha _d2019-05-13 |
||